[Event "SWE-chT 0405"]
[Site "Sweden"]
[Date "2005.??.??"]
[Round "8"]
[White "Webb, Simon"]
[Black "Lindberg, Bengt"]
[Result "1-0"]
[WhiteElo "2391"]
[BlackElo "2494"]
[PlyCount "107"]
[EventDate "2004.11.05"]
[EventType "team"]
[EventRounds "11"]
[EventCountry "SWE"]
[SourceTitle "EXT 2006"]
[Source "ChessBase"]
[SourceDate "2005.11.24"]
[SourceVersion "1"]
[SourceVersionDate "2005.11.24"]
[SourceQuality "1"]
[WhiteTeam "Wasa"]
[BlackTeam "Farsta"]
[WhiteTeamCountry "SWE"]
[BlackTeamCountry "SWE"]

1. Nf3 Nf6 2. c4 c5 3. Nc3 e6 4. d4 cxd4 5. Nxd4 Bb4 6. g3 Ne4 7. Qc2 Qa5 8. Bd2 Nxd2 9. Qxd2 Bxc3 10. bxc3 0-0 11. Nb3 Qc7 12. c5 Qc6 13. Rg1 a5 14. Bg2 Qa6 15. a4 Qc4 16. Ra3 Nc6 17. Qd3 Qg4 18. h3 Qg5 19. f4 Qe7 20. Qd6 Qf6 21. Nd2 Ra6 22. Kf2 b6 23. Rb3 bxc5 24. Ne4 Qe7 25. Qxe7 Nxe7 26. Nxc5 Ra7 27. Rd1 Rd8 28. Rb5 d5 29. e4 Kf8 30. exd5 exd5 31. c4 d4 32. g4 h5 33. f5 Ng8 34. Bd5 hxg4 35. hxg4 Nf6 36. Rxd4 Ne8 37. Nb3 Bd7 38. Bc6 Bxc6 39. Rxd8 Ke7 40. Rdb8 Nd6 41. Rxa5 Rd7 42. Ra6 Bh1 43. Nd2 Nb7 44. Ke3 Nc5 45. Ra5 Nd3 46. Ne4 f6 47. Rd5 Ne5 48. Rxd7+ Kxd7 49. Nf2 Bc6 50. Rg8 Bxa4 51. Rxg7+ Ke8 52. Kd4 Bb3 53. Ne4 Kf8 54. Rb7 1-0

[Event "SWE-chT 0203"]
[Site "Sweden"]
[Date "2003.03.01"]
[Round "8"]
[White "Webb, Simon"]
[Black "Furhoff, Johan"]
[Result "1-0"]
[WhiteElo "2420"]
[BlackElo "2309"]
[PlyCount "103"]
[EventDate "2002.10.11"]
[EventType "team"]
[EventRounds "11"]
[EventCountry "SWE"]
[SourceTitle "EXT 2004"]
[Source "ChessBase"]
[SourceDate "2003.11.25"]
[SourceVersion "1"]
[SourceVersionDate "2003.11.25"]
[SourceQuality "1"]
[WhiteTeam "Wasa"]
[BlackTeam "Sodra"]
[WhiteTeamCountry "SWE"]
[BlackTeamCountry "SWE"]

1. c4 e5 2. Nc3 Nc6 3. g3 g6 4. Bg2 Bg7 5. d3 f5 6. e4 Nf6 7. Nge2 0-0 8. 0-0 Ne7 9. d4 d6 10. dxe5 dxe5 11. b3 c6 12. Ba3 Qe8 13. Qd6 Rf7 14. Rad1 fxe4 15. Nxe4 Nxe4 16. Bxe4 Bh3 17. Bg2 Bxg2 18. Kxg2 Nf5 19. Qd2 e4 20. Qc2 Qe5 21. Bb4 Qe6 22. Bc3 Nh4+ 23. gxh4 Qg4+ 24. Ng3 Qf3+ 25. Kg1 Qxc3 26. Qxc3 Bxc3 27. Nxe4 Be5 28. Rfe1 Rf4 29. Rd7 Raf8 30. Rxb7 Rxh4 31. Rxa7 Bxh2+ 32. Kg2 Bb8 33. Nf6+ Rxf6 34. Re8+ Rf8 35. Rxf8+ Kxf8 36. Ra8 Ke7 37. Rxb8 Kd6 38. a4 Kc7 39. Re8 Kb6 40. Re6 Rg4+ 41. Kf3 Rh4 42. Ke2 Kc5 43. Re7 Rh3 44. Rb7 Kd4 45. a5 Rh5 46. a6 Ra5 47. a7 h5 48. Kf3 g5 49. Kg3 Kc3 50. f3 Ra3 51. c5 Kd4 52. Rb4+ 1-0

[Event "SWE-chT 0102"]
[Site "Sweden"]
[Date "2002.03.15"]
[Round "9"]
[White "Djurhuus, Rune"]
[Black "Webb, Simon"]
[Result "1-0"]
[WhiteElo "2536"]
[BlackElo "2415"]
[PlyCount "73"]
[EventDate "2001.10.12"]
[EventType "team"]
[EventRounds "11"]
[EventCountry "SWE"]
[SourceTitle "EXT 2003"]
[Source "ChessBase"]
[SourceDate "2002.11.25"]
[SourceVersion "1"]
[SourceVersionDate "2002.11.25"]
[SourceQuality "1"]
[WhiteTeam "Skara"]
[BlackTeam "Wasa"]
[WhiteTeamCountry "SWE"]
[BlackTeamCountry "SWE"]

1. e4 c5 2. Nf3 Nc6 3. d4 cxd4 4. Nxd4 g6 5. Nc3 Bg7 6. Be3 Nf6 7. Nb3 0-0 8. Be2 a5 9. a4 d5 10. exd5 Nb4 11. Bf3 Bf5 12. Nd4 Bc8 13. Ndb5 Bf5 14. Rc1 Rc8 15. 0-0 Ne8 16. Bg5 h6 17. Bh4 Nd6 18. Nxd6 Qxd6 19. Nb5 Qc5 20. c3 Nd3 21. Rc2 Ne5 22. Rd2 g5 23. Bg3 Nxf3+ 24. Qxf3 Bd7 25. d6 e5 26. Qxb7 Bc6 27. Qa7 Qc4 28. Qe3 Rcd8 29. Bxe5 Rfe8 30. Qd4 Bxb5 31. axb5 Qxd4 32. Bxd4 Rxd6 33. Ra1 Bxd4 34. Rxd4 Rxd4 35. cxd4 Re2 36. b4 axb4 37. Kf1 1-0

[Event "SWE-chT 0102"]
[Site "Sweden"]
[Date "2002.03.02"]
[Round "8"]
[White "Ornstein, Axel"]
[Black "Webb, Simon"]
[Result "1-0"]
[WhiteElo "2459"]
[BlackElo "2415"]
[PlyCount "64"]
[EventDate "2001.10.12"]
[EventType "team"]
[EventRounds "11"]
[EventCountry "SWE"]
[SourceTitle "EXT 2003"]
[Source "ChessBase"]
[SourceDate "2002.11.25"]
[SourceVersion "1"]
[SourceVersionDate "2002.11.25"]
[SourceQuality "1"]
[WhiteTeam "Sodra"]
[BlackTeam "Wasa"]
[WhiteTeamCountry "SWE"]
[BlackTeamCountry "SWE"]

1. c4 e6 2. g3 Nf6 3. Bg2 d5 4. Nf3 Be7 5. d4 0-0 6. Nc3 b6 7. 0-0 Bb7 8. Ne5 Ne4 9. cxd5 Nxc3 10. bxc3 Bxd5 11. e4 Bb7 12. Qg4 Kh8 13. Bf4 Nc6 14. Rfe1 Nxe5 15. Bxe5 Bf6 16. Bxf6 gxf6 17. Qh5 Qe7 18. Qh4 Rg8 19. e5 Bxg2 20. exf6 Qd8 21. Kxg2 Rg6 22. Re5 Qxf6 23. Qe4 Rgg8 24. Re1 Rac8 25. Re3 c5 26. Qb7 cxd4 27. cxd4 Qg6 28. Rf3 Rgf8 29. Qxa7 Rb8 30. Qe7 b5 31. Rxb5 Rbe8 32. Qh4 h6 1-0

[Event "SWE-chT 0102"]
[Site "Sweden"]
[Date "2002.02.09"]
[Round "7"]
[White "Webb, Simon"]
[Black "Logdahl, Harald"]
[Result "0-1"]
[WhiteElo "2415"]
[BlackElo "2319"]
[PlyCount "66"]
[EventDate "2001.10.12"]
[EventType "team"]
[EventRounds "11"]
[EventCountry "SWE"]
[SourceTitle "EXT 2003"]
[Source "ChessBase"]
[SourceDate "2002.11.25"]
[SourceVersion "1"]
[SourceVersionDate "2002.11.25"]
[SourceQuality "1"]
[WhiteTeam "Wasa"]
[BlackTeam "Eskilstuna"]
[WhiteTeamCountry "SWE"]
[BlackTeamCountry "SWE"]

1. Nf3 g6 2. g3 Bg7 3. Bg2 c5 4. 0-0 Nc6 5. d3 b6 6. e4 Bb7 7. Re1 Nf6 8. Nbd2 0-0 9. Nc4 b5 10. Ne3 Nd4 11. Nh4 e5 12. c3 Ne6 13. a4 a6 14. Qb3 c4 15. dxc4 Bxe4 16. axb5 axb5 17. Rxa8 Qxa8 18. Qxb5 Ng5 19. f3 Nxf3+ 20. Bxf3 Bxf3 21. Nxf3 Qxf3 22. Qxe5 Ng4 23. Qf4 Ne5 24. Rf1 Qe2 25. Qf2 Qd3 26. Rd1 Qe4 27. Qg2 f5 28. Qxe4 fxe4 29. b3 Ra8 30. Ng2 Ra1 31. Ne3 Bh6 32. Kf2 Rxc1 33. Rd4 Nd3+ 0-1

[Event "SWE-chT 0102"]
[Site "Sweden"]
[Date "2002.01.19"]
[Round "6"]
[White "Webb, Simon"]
[Black "Lindberg, Bengt"]
[Result "0-1"]
[WhiteElo "2415"]
[BlackElo "2471"]
[PlyCount "132"]
[EventDate "2001.10.12"]
[EventType "team"]
[EventRounds "11"]
[EventCountry "SWE"]
[SourceTitle "EXT 2003"]
[Source "ChessBase"]
[SourceDate "2002.11.25"]
[SourceVersion "1"]
[SourceVersionDate "2002.11.25"]
[SourceQuality "1"]
[WhiteTeam "Wasa"]
[BlackTeam "Farsta"]
[WhiteTeamCountry "SWE"]
[BlackTeamCountry "SWE"]

1. d4 Nf6 2. c4 e6 3. Nc3 Bb4 4. e3 b6 5. Nge2 Ba6 6. a3 Be7 7. Nf4 d5 8. cxd5 Bxf1 9. Kxf1 exd5 10. g4 h6 11. Qf3 c6 12. Bd2 Nbd7 13. Kg2 Nf8 14. h4 Rg8 15. Nd3 N6d7 16. e4 dxe4 17. Qxe4 Rc8 18. g5 Ne6 19. Rae1 hxg5 20. hxg5 Bxg5 21. f4 Be7 22. f5 Nf6 23. Qe5 Nxd4 24. Nf4 Rc7 25. Rh3 Rd7 26. Rd3 Kf8 27. Nce2 Nc2 28. Rd1 Rxd3 29. Nxd3 Qxd3 30. Bb4 Nxb4 31. Rxd3 Nxd3 32. Qb8+ Ne8 33. Nd4 g6 34. Nxc6 gxf5+ 35. Kf3 Bd6 36. Qxa7 Rg3+ 37. Ke2 Nf4+ 38. Kd2 Nd5 39. Qb7 Nef6 40. Qc8+ Kg7 41. Qxf5 Rg2+ 42. Kd3 Rxb2 43. Nd4 Rg2 44. Qc8 Rg3+ 45. Ke2 Ne7 46. Qd8 Bc5 47. Nb5 Ned5 48. Qb8 Re3+ 49. Kd2 Bxa3 50. Nd4 Bb4+ 51. Kc2 Rc3+ 52. Kb1 Bc5 53. Nf5+ Kg6 54. Qe5 Rh3 55. Ng3 Ne3 56. Ne2 Nfd5 57. Qb8 Kg7 58. Ng3 Be7 59. Ne4 f5 60. Nf2 Rh8 61. Qg3+ Kf7 62. Nd3 Bf6 63. Ka2 Rc8 64. Nf4 Rc2+ 65. Ka3 Rc3+ 66. Ka4 Rc4+ 0-1

[Event "SWE-chT 0102"]
[Site "Sweden"]
[Date "2001.12.08"]
[Round "5"]
[White "Webb, Simon"]
[Black "Matros, Alexander"]
[Result "1/2-1/2"]
[WhiteElo "2415"]
[BlackElo "2455"]
[PlyCount "65"]
[EventDate "2001.10.12"]
[EventType "team"]
[EventRounds "11"]
[EventCountry "SWE"]
[SourceTitle "EXT 2003"]
[Source "ChessBase"]
[SourceDate "2002.11.25"]
[SourceVersion "1"]
[SourceVersionDate "2002.11.25"]
[SourceQuality "1"]
[WhiteTeam "Wasa"]
[BlackTeam "Sollentuna"]
[WhiteTeamCountry "SWE"]
[BlackTeamCountry "SWE"]

1. d4 d5 2. c4 e6 3. Nc3 c6 4. e4 Bb4 5. e5 c5 6. a3 Bxc3+ 7. bxc3 Ne7 8. Nf3 Nbc6 9. cxd5 Qxd5 10. Bd3 cxd4 11. cxd4 b6 12. 0-0 Bb7 13. Re1 h6 14. a4 0-0 15. Ba3 Qd7 16. Bc2 Rfd8 17. Qd3 Nf5 18. Bd6 g6 19. Qd2 Nce7 20. Bxe7 Qxe7 21. Bxf5 exf5 22. e6 Bxf3 23. exf7+ Qxf7 24. gxf3 Kh7 25. Re5 Rd5 26. Rae1 Rxe5 27. Rxe5 Rd8 28. Qe3 Rd7 29. d5 Qf6 30. f4 h5 31. Kg2 Qd6 32. Qd3 Qf6 33. Re6 1/2-1/2

[Event "SWE-chT 0102"]
[Site "Sweden"]
[Date "2001.11.10"]
[Round "4"]
[White "Webb, Simon"]
[Black "Karlsson, Lars"]
[Result "1/2-1/2"]
[WhiteElo "2415"]
[BlackElo "2478"]
[PlyCount "82"]
[EventDate "2001.10.12"]
[EventType "team"]
[EventRounds "11"]
[EventCountry "SWE"]
[SourceTitle "EXT 2003"]
[Source "ChessBase"]
[SourceDate "2002.11.25"]
[SourceVersion "1"]
[SourceVersionDate "2002.11.25"]
[SourceQuality "1"]
[WhiteTeam "Wasa"]
[BlackTeam "Stockholm Rockaden"]
[WhiteTeamCountry "SWE"]
[BlackTeamCountry "SWE"]

1. d4 f5 2. g3 Nf6 3. Bg2 e6 4. Nd2 Nc6 5. c3 d5 6. Ndf3 Bd6 7. Bf4 Bxf4 8. gxf4 Ne4 9. h4 Bd7 10. e3 Qe7 11. Bf1 Nd6 12. Bd3 g6 13. b4 Nf7 14. a4 h6 15. Qb3 Qf6 16. Ne2 g5 17. hxg5 hxg5 18. Kd2 g4 19. Ne5 Ncxe5 20. dxe5 Qe7 21. Nd4 Rh3 22. Rxh3 gxh3 23. Rh1 Qh4 24. Rh2 0-0-0 25. Qd1 a5 26. Bf1 axb4 27. cxb4 Rh8 28. Rxh3 Qxf2+ 29. Qe2 Qxe2+ 30. Kxe2 Rxh3 31. Bxh3 Nd8 32. a5 b6 33. axb6 cxb6 34. Kd2 Nc6 35. Nc2 Na7 36. Bg2 Kd8 37. Bf3 Ke7 38. Be2 Ba4 39. Na3 Be8 40. Kc3 Bd7 41. Ba6 Be8 1/2-1/2

[Event "SWE-chT 0102"]
[Site "Sweden"]
[Date "2001.10.13"]
[Round "2"]
[White "Webb, Simon"]
[Black "Brynell, Stellan"]
[Result "0-1"]
[WhiteElo "2415"]
[BlackElo "2484"]
[PlyCount "74"]
[EventDate "2001.10.12"]
[EventType "team"]
[EventRounds "11"]
[EventCountry "SWE"]
[SourceTitle "EXT 2003"]
[Source "ChessBase"]
[SourceDate "2002.11.25"]
[SourceVersion "1"]
[SourceVersionDate "2002.11.25"]
[SourceQuality "1"]
[WhiteTeam "Wasa"]
[BlackTeam "Limhamn"]
[WhiteTeamCountry "SWE"]
[BlackTeamCountry "SWE"]

1. d4 e6 2. c4 Nf6 3. Nc3 Bb4 4. e3 b6 5. Nge2 Ba6 6. a3 Be7 7. Nf4 d5 8. b3 0-0 9. Bd3 Bb7 10. 0-0 Nbd7 11. Bb2 a6 12. Qf3 c6 13. Rfd1 Bd6 14. Nh5 Nxh5 15. Qxh5 Nf6 16. Qh3 h6 17. e4 dxe4 18. Nxe4 Be7 19. Rac1 a5 20. Qf3 Rb8 21. Qe2 Re8 22. Bb1 Nd7 23. Rc3 Qc7 24. Rg3 Bf8 25. Qd3 f5 26. Nd2 Bd6 27. Rh3 Rf8 28. Nf3 Rbe8 29. Re1 c5 30. Ne5 cxd4 31. Nxd7 Qxd7 32. Qxd4 Qc7 33. Rd3 Bxh2+ 34. Kh1 Be4 35. Rxe4 fxe4 36. Qxe4 Rxf2 37. Qh7+ Kxh7 0-1

[Event "SWE-chT 0001"]
[Site "Sweden"]
[Date "2000.12.09"]
[Round "5"]
[White "Degerman, Lars"]
[Black "Webb, Simon"]
[Result "1/2-1/2"]
[WhiteElo "2526"]
[BlackElo "2402"]
[PlyCount "101"]
[EventDate "2000.10.13"]
[EventType "team"]
[EventRounds "11"]
[EventCountry "SWE"]
[SourceTitle "EXT 2006"]
[Source "ChessBase"]
[SourceDate "2005.11.24"]
[SourceVersion "1"]
[SourceVersionDate "2005.11.24"]
[SourceQuality "1"]
[WhiteTeam "Farsta"]
[BlackTeam "Wasa"]
[WhiteTeamCountry "SWE"]
[BlackTeamCountry "SWE"]

1. c4 e6 2. d4 d5 3. Nc3 Nf6 4. Nf3 Be7 5. Bf4 0-0 6. e3 c5 7. dxc5 Bxc5 8. a3 dxc4 9. Bxc4 Qxd1+ 10. Rxd1 a6 11. Ng5 b5 12. Bd3 Bb7 13. Nce4 Nxe4 14. Bxe4 Bxe4 15. Nxe4 Be7 16. Ke2 Ra7 17. Bd6 Nc6 18. Bxe7 Nxe7 19. Rd6 Nc8 20. Rc6 Ne7 21. Rc5 h6 22. Rhc1 Rd8 23. Rc7 Rd7 24. Rxa7 Rxa7 25. Rd1 Nd5 26. Nc5 g5 27. e4 Nf4+ 28. Kf3 Rc7 29. b4 a5 30. h4 Kg7 31. hxg5 hxg5 32. Rd6 axb4 33. axb4 Ra7 34. g3 Ng6 35. Rb6 Ne5+ 36. Kg2 Ra2 37. Rxb5 Kf6 38. Rb7 Rb2 39. Kf1 Ng4 40. f4 gxf4 41. gxf4 Rf2+ 42. Ke1 Rxf4 43. Kd2 Ne5 44. b5 Rf1 45. Kc2 Nc4 46. Nd7+ Kg5 47. Rc7 Na3+ 48. Kd2 Nxb5 49. Rc5+ Kf4 50. Rxb5 Kxe4 51. Nc5+ 1/2-1/2

[Event "SWE-chT 0001"]
[Site "Sweden"]
[Date "2000.10.13"]
[Round "1"]
[White "Svenn, Gosta"]
[Black "Webb, Simon"]
[Result "1/2-1/2"]
[WhiteElo "2434"]
[BlackElo "2402"]
[PlyCount "112"]
[EventDate "2000.10.13"]
[EventType "team"]
[EventRounds "11"]
[EventCountry "SWE"]
[SourceTitle "EXT 2006"]
[Source "ChessBase"]
[SourceDate "2005.11.24"]
[SourceVersion "1"]
[SourceVersionDate "2005.11.24"]
[SourceQuality "1"]
[WhiteTeam "Kamraterna "]
[BlackTeam "Wasa"]
[WhiteTeamCountry "SWE"]
[BlackTeamCountry "SWE"]

1. d4 d5 2. c4 e6 3. Nf3 Nf6 4. g3 Be7 5. Bg2 0-0 6. 0-0 dxc4 7. Ne5 Nc6 8. Nxc6 bxc6 9. Na3 Bxa3 10. bxa3 Nd5 11. Qc2 Ba6 12. Rd1 f5 13. e3 Qd6 14. f3 c5 15. e4 cxd4 16. exd5 d3 17. Qc3 exd5 18. Bb2 Rf7 19. f4 Rd8 20. Qe5 d4 21. Qxd6 Rxd6 22. a4 c5 23. Ba3 Rc7 24. Bf1 c3 25. Bxd3 Bxd3 26. Rxd3 Ra6 27. Re1 Rxa4 28. Bc1 Rxa2 29. h3 Rb7 30. Rdd1 Rb1 31. Re8+ Kf7 32. Rde1 h5 33. R8e5 Raa1 34. Rxf5+ Kg6 35. Rg5+ Kh7 36. Rxh5+ Kg8 37. Re8+ Kf7 38. Rhh8 Rxc1+ 39. Kg2 Re1 40. Rhf8+ Kg6 41. Rc8 c2 42. Rxc5 Rg1+ 43. Kh2 Rh1+ 44. Kg2 Rag1+ 45. Kf2 Rxg3 46. Kxg3 Rg1+ 47. Kf2 c1Q 48. Rxc1 Rxc1 49. Rd8 Rc4 50. Rd5 Kf6 51. Ke2 Ke6 52. Re5+ Kd6 53. Ra5 Rc7 54. Kd3 Rf7 55. f5 Kc6 56. Kxd4 Kb6 1/2-1/2

[Event "SWE-chT 9900"]
[Site "Sweden"]
[Date "2000.??.??"]
[Round "5"]
[White "Aagaard, Jacob"]
[Black "Webb, Simon"]
[Result "1-0"]
[WhiteElo "2403"]
[BlackElo "2420"]
[PlyCount "69"]
[EventDate "1999.11.??"]
[EventType "team"]
[EventRounds "11"]
[EventCountry "SWE"]
[SourceTitle "EXT 2002"]
[Source "ChessBase"]
[SourceDate "2001.11.25"]
[SourceVersion "1"]
[SourceVersionDate "2001.11.25"]
[SourceQuality "1"]

1. e4 d6 2. d4 Nf6 3. f3 e5 4. Ne2 Be7 5. Be3 0-0 6. Qd2 exd4 7. Nxd4 Nc6 8. c4 Nxd4 9. Bxd4 Nh5 10. Be3 f5 11. exf5 Bxf5 12. g4 Bxb1 13. Rxb1 Bh4+ 14. Kd1 Nf6 15. Kc2 Qe7 16. Bd3 Rae8 17. Bd4 c5 18. Bc3 Nxg4 19. Rhg1 Bg5 20. Bxh7+ Kh8 21. f4 Bxf4 22. Qd3 Ne3+ 23. Kb3 Rf7 24. Bg6 b5 25. Bxf7 Qxf7 26. Rxg7 bxc4+ 27. Ka4 cxd3 28. Rxf7+ Be5 29. Bxe5+ dxe5 30. Rf3 Nc4 31. Rxd3 e4 32. Rg3 e3 33. Rbg1 Nxb2+ 34. Kb3 Nd3 35. Rh3# 1-0

[Event "Zagorovsky mem corr"]
[Site "RCCA corr"]
[Date "2000.??.??"]
[Round "?"]
[White "Webb, Simon"]
[Black "Berdichesky, Ruben"]
[Result "1-0"]
[WhiteElo "2648"]
[BlackElo "2633"]
[PlyCount "39"]
[EventDate "1999.10.01"]
[EventType "tourn (corr)"]
[EventRounds "10"]
[EventCountry "RUS"]
[SourceTitle "Corr 2008"]
[Source "ChessBase"]
[SourceDate "2008.06.24"]
[SourceVersion "1"]
[SourceVersionDate "2008.06.24"]
[SourceQuality "1"]

1. d4 Nf6 2. c4 g6 3. Nc3 Bg7 4. e4 d6 5. f3 0-0 6. Nge2 Nbd7 7. Bg5 a6 8. Nc1 c6 9. a4 e5 10. d5 h6 11. Be3 cxd5 12. cxd5 Ne8 13. Be2 f5 14. 0-0 f4 15. Bf2 Qg5 16. a5 Ndf6 17. Kh1 Nh5 18. Qd2 Bf6 19. b4 Bd7 20. b5 1-0

[Event "SWE-chT 9900"]
[Site "Sweden"]
[Date "1999.??.??"]
[Round "2"]
[White "Laveryd, Peter"]
[Black "Webb, Simon"]
[Result "1-0"]
[WhiteElo "2400"]
[BlackElo "2420"]
[PlyCount "85"]
[EventDate "1999.11.??"]
[EventType "team"]
[EventRounds "11"]
[EventCountry "SWE"]
[SourceTitle "EXT 2002"]
[Source "ChessBase"]
[SourceDate "2001.11.25"]
[SourceVersion "1"]
[SourceVersionDate "2001.11.25"]
[SourceQuality "1"]

1. e4 d6 2. d4 Nf6 3. Nc3 g6 4. Be3 c6 5. Qd2 b5 6. Bd3 Nbd7 7. Nf3 Bb7 8. h3 e5 9. dxe5 dxe5 10. 0-0 Bg7 11. a4 b4 12. Ne2 c5 13. Ng3 0-0 14. c3 Qe7 15. cxb4 cxb4 16. Rfc1 Qd6 17. Bb5 Qxd2 18. Nxd2 a6 19. Bxd7 Nxd7 20. Rc7 Bc8 21. Nc4 Rd8 22. Rd1 Bf6 23. Rd5 h5 24. Nd6 h4 25. Nf1 Nf8 26. Nxf7 Rxd5 27. Nh6+ Kh8 28. exd5 Bd7 29. b3 Bg7 30. Nf7+ Kg8 31. Nd6 Bf6 32. Ra7 Rxa7 33. Bxa7 Be7 34. Ne4 Bf5 35. Nfd2 Nd7 36. f3 Kf7 37. Kf2 Nf6 38. Nxf6 Bxf6 39. Ne4 Be7 40. Ke3 Ke8 41. Bb8 Bc8 42. Bxe5 Bb7 43. Kd4 1-0

[Event "SWE-chT 9900"]
[Site "Sweden"]
[Date "1999.??.??"]
[Round "3"]
[White "Webb, Simon"]
[Black "Ivanov, Sergey"]
[Result "0-1"]
[WhiteElo "2420"]
[BlackElo "2538"]
[PlyCount "78"]
[EventDate "1999.11.??"]
[EventType "team"]
[EventRounds "11"]
[EventCountry "SWE"]
[SourceTitle "EXT 2002"]
[Source "ChessBase"]
[SourceDate "2001.11.25"]
[SourceVersion "1"]
[SourceVersionDate "2001.11.25"]
[SourceQuality "1"]

1. d4 d5 2. c4 e6 3. Nc3 c6 4. e3 Nf6 5. Nf3 Nbd7 6. Bd3 dxc4 7. Bxc4 b5 8. Bd3 a6 9. e4 c5 10. d5 Qc7 11. 0-0 Bb7 12. b3 Be7 13. dxe6 fxe6 14. a4 c4 15. bxc4 b4 16. Ne2 0-0-0 17. Bf4 e5 18. Bg3 Nc5 19. Bxe5 Rxd3 20. Bxc7 Rxd1 21. Rfxd1 Kxc7 22. e5 Bxf3 23. gxf3 Nh5 24. Ng3 Nf4 25. Nf5 Re8 26. Ne3 Bf8 27. Nd5+ Nxd5 28. Rxd5 b3 29. f4 Rb8 30. a5 Rb4 31. Rb1 Rxc4 32. f5 Be7 33. Kg2 Kc6 34. Rbd1 b2 35. f6 gxf6 36. exf6 Bxf6 37. Rd6+ Kb5 38. Rxf6 Rc1 39. Rd5 Kxa5 0-1

[Event "IECG W-ch1 email"]
[Site "IECG email"]
[Date "1997.??.??"]
[Round "?"]
[White "Gambaeck, Bjoern Karl Niklas"]
[Black "Webb, Simon"]
[Result "1/2-1/2"]
[WhiteElo "2403"]
[BlackElo "2682"]
[PlyCount "63"]
[EventDate "1997.??.??"]
[EventType "tourn (corr)"]
[EventRounds "8"]
[EventCategory "10"]
[SourceTitle "Corr 2004"]
[Source "ChessBase"]
[SourceDate "2003.04.28"]
[SourceVersion "3"]
[SourceVersionDate "2003.04.28"]
[SourceQuality "1"]

1. e4 e5 2. Nf3 Nc6 3. Bc4 Bc5 4. c3 Nf6 5. d4 exd4 6. cxd4 Bb4+ 7. Bd2 Bxd2+ 8. Nbxd2 d5 9. exd5 Nxd5 10. 0-0 0-0 11. Ne5 Nb6 12. Nxc6 bxc6 13. Bd3 Qxd4 14. Qc2 g6 15. Nb3 Qf6 16. Be4 Nd5 17. Na5 Bd7 18. a3 Rab8 19. b4 Nc3 20. Bxc6 Bxc6 21. Nxc6 Rbe8 22. Nxa7 Re2 23. Qb3 Rd2 24. Rae1 Ne2+ 25. Kh1 Nd4 26. Qe3 Ra2 27. Rd1 Rd8 28. Qc3 Rxf2 29. Rxf2 Qxf2 30. Nb5 Qe2 31. Qa1 Qxb5 32. Rxd4 1/2-1/2